Al - Ghazali (Record no. 11)

MARC details
000 -LEADER
fixed length control field 00728nam a2200265 i 4500
001 - CONTROL NUMBER
control field C2-0001879
003 - CONTROL NUMBER IDENTIFIER
control field PPAK
005 - DATE AND TIME OF LATEST TRANSACTION
control field 20190630220211.0
008 - FIXED-LENGTH DATA ELEMENTS--GENERAL INFORMATION
fixed length control field 970122s1994 my |||| ||||| | may d
020 ## - INTERNATIONAL STANDARD BOOK NUMBER
International Standard Book Number 9839793152
040 ## - CATALOGING SOURCE
Original cataloging agency PPAK
Language of cataloging eng
Transcribing agency PPAK
Description conventions rda
082 04 - DEWEY DECIMAL CLASSIFICATION NUMBER
Classification number 297.4092
Edition number 23
090 00 - LOCALLY ASSIGNED LC-TYPE CALL NUMBER (OCLC); LOCAL CALL NUMBER (RLIN)
Classification number (OCLC) (R) ; Classification number, CALL (RLIN) (NR) 297.4092
Feature heading AHM
Feature heading G
100 0# - MAIN ENTRY--PERSONAL NAME
Personal name Ahmad Rafaai Ayudin,
Relator term author
245 10 - TITLE STATEMENT
Title Al - Ghazali
264 #1 - PRODUCTION, PUBLICATION, DISTRIBUTION, MANUFACTURE, AND COPYRIGHT NOTICE
Place of production, publication, distribution, manufacture Subang Jaya, Selangor :
Name of producer, publisher, distributor, manufacturer Al-Ramadhan ,
Date of production, publication, distribution, manufacture, or copyright notice 1994
300 ## - PHYSICAL DESCRIPTION
Extent 56 pages ;
Dimensions 18 cm
336 ## - CONTENT TYPE
Source rdacontent
Content type term text
337 ## - MEDIA TYPE
Source rdamedia
Media type term unmediated
338 ## - CARRIER TYPE
Source rdacarrier
Carrier type term volume
490 1# - SERIES STATEMENT
Series statement Siri agama
650 10 - SUBJECT ADDED ENTRY--TOPICAL TERM
Topical term or geographic name entry element Sufis - Biography ; Al-Ghazali, Imam, 1058-1111 - Biography
830 #0 - SERIES ADDED ENTRY--UNIFORM TITLE
Uniform title Siri agama
942 ## - ADDED ENTRY ELEMENTS (KOHA)
Koha item type Book
Source of classification or shelving scheme Dewey Decimal Classification
Holdings
Withdrawn Not for loan Current library Shelving location Date acquired Full call number Barcode Date last seen Koha item type
    Perpustakaan Jitra Pinjaman Dewasa 14/01/2004 297.4092 AHM A00837407 08/05/2018 Book
    Perpustakaan Kulim Pinjaman Dewasa 01/07/2003 297.4092 AHM A00337462 08/05/2018 Book
    Perpustakaan Langkawi Pinjaman Dewasa 18/01/2005 297.4092 AHM A00347696 08/05/2018 Book